000
00312nam a22001337a 4500
082
_a
894.812
_b
VEN/K
100
_a
VENNIYUR, RASHEED
245
_a
KRITHIYUM KARTHAVUM
_b
GURU NAKSHATHRA VILAKK
260
_a
MANDHARAM
_b
VENNIYUR, RASHEED
_c
2023
300
_a
130
520
_a
NOVEL
650
_a
NOVEL
942
_c
BK
999
_c
5514
_d
5514